00278nam a2200121Ia 45000030006000000080041000060400015000471000021000622450035000832600009001185460012001270050017001390STCL150530s9999 xx 000 0 und d aSTCLcSTCL aEdel, L.; Editor aMasters of American Literature c1952 aEnglish20220125171338.0